Biología 1 /

Guardado en:
Autor Principal: Zarur, Pedro
Formato: Libro
Publicado: Buenos Aires : Plus Ultra, 1981
Edición:14a. ed.
Etiquetas: Agregar Etiqueta
Sin Etiquetas, Sea el primero en etiquetar este registro!
LEADER 00715nam a22002055a 4500
001 CEM.cems006748
005 20060214000000.0
008 130507s1981##################000#0#####d
003 CEMS
082 0 4 |a 574 
100 1 |a Zarur, Pedro 
245 1 0 |a Biología 1 / 
250 |a 14a. ed. 
260 |a Buenos Aires :  |b Plus Ultra,  |c 1981 
300 |a 2451 p. 
859 |a CEMS  |b BIB. CEMS - 11 de abril  |h 574  |i Z19a14/I  |p 11889.83  |t Ej.1 
859 |a CEMS  |b BIB. CEMS - 11 de abril  |h 574  |i Z19a14/I  |p 11890.83  |t Ej.2 
859 |a CEMS  |b BIB. CEMS - 11 de abril  |h 574  |i Z19a14/I  |p 11891.83  |t Ej.3 
859 |a CEMS  |b BIB. CEMS - 11 de abril  |h 574  |i Z19a14/I  |p 11892.83  |t Ej.4 
859 |a CEMS  |b BIB. CEMS - 11 de abril  |h 574  |i Z19a14/I  |p 11893.83  |t Ej.5